Statistics for NFL Standings 2020-21

Click here to take the quiz!

General Stats

  • This quiz has been taken 193 times
  • The average score is 28 of 32

Answer Stats

DivisionTeamRecord% Correct
AFC EastBuffalo Bills13-3
96%
AFC NorthBaltimore Ravens11-5
94%
AFC WestKansas City Chiefs14-2
94%
AFC NorthCincinnati Bengals4-11-1
93%
AFC NorthCleveland Browns11-5
93%
AFC NorthPittsburgh Steelers12-4
93%
AFC SouthIndianapolis Colts11-5
92%
AFC WestLas Vegas Raiders8-8
92%
AFC WestLos Angeles Chargers7-9
92%
AFC EastMiami Dolphins10-6
92%
AFC EastNew York Jets2-14
92%
AFC SouthTennessee Titans11-5
92%
AFC SouthHouston Texans4-12
91%
AFC SouthJacksonville Jaguars1-15
91%
NFC EastWashington Football Team7-9
91%
NFC EastDallas Cowboys6-10
90%
AFC WestDenver Broncos5-11
90%
AFC EastNew England Patriots7-9
90%
NFC EastNew York Giants6-10
90%
NFC NorthGreen Bay Packers13-3
88%
NFC NorthChicago Bears8-8
86%
NFC EastPhiladelphia Eagles4-11-1
86%
NFC NorthDetroit Lions5-11
85%
NFC NorthMinnesota Vikings7-9
85%
NFC SouthNew Orleans Saints12-4
83%
NFC SouthTampa Bay Buccaneers11-5
83%
NFC SouthCarolina Panthers5-11
81%
NFC WestLos Angeles Rams10-6
77%
NFC WestSeattle Seahawks12-4
77%
NFC SouthAtlanta Falcons4-12
76%
NFC WestArizona Cardinals8-8
73%
NFC WestSan Francisco 49ers6-10
73%

Score Distribution

Percentile by Number Answered

Percent of People with Each Score

Your Score History

You have not taken this quiz